Cherub Trivia questions - Statistics

General Stats
  • This quiz has been taken 80 times
  • The average score is 17 of 36
Answer Stats
Hint Answer % Correct
Who saves Ning from Leonid Dan
92%
Who does James cheat on Kerry with in The Fall Dana Smith
91%
Who cheats on James Dana Smith
91%
What was James' pre cherub name James Choke
86%
Who teaches James to swim Amy Collins
81%
Who is Lauren's best friend Bethany Parker
78%
Who has sex with Bruce in Shadow Wave Bethany Parker
78%
Who snorts Cocaine in Class A Nicole Eddison
78%
Who made the CHERUB book series Robert Muchamore
73%
Who is stabbed in Mad Dogs Gabrielle O'Brien
72%
Who becomes the chairman/woman after Mac Zara Asker
61%
Who started CHERUB Charles Henderson
58%
Whose life do James and Dana save in the fall Ewart Asker
56%
What does Lauren get for saving the kids in Divine Madness A black shirt
53%
Who is known as one of the coolest guys on campus David Moss
53%
What does Rat change his name to Greg
53%
What book is John Jones first seen in Class A
52%
Which terrorist group appears a lot in the series Help Earth
50%
Who does James slap after Kerry breaks up with him Andy Lagan
47%
What book does Lauren go on her first solo mission in The Fall
47%
Who is Natalka Ryan's girlfriend
41%
How many children does Joel Reagan have 33
39%
What does KMG stand for Keith Moore's Gang
34%
What type of car did James take from the Miami beach house A Range Rover
28%
Who is the leader of The Slasher Boys DeShawn Andrews
28%
What punishment does Lauren get for hitting NormanLarge Ditch digging
28%
Who does James have sex with in Mad Dogs Lois Thompson
28%
Who killed Joel Reagan Susie Reagan
27%
How many people die in the plane crash in the Sleepwalker 345
19%
Who is suspected to have killed Galenka Aramov Leonid Aramov
19%
How does Ingrid die Strangled
11%
Who killed Leonid Aramov Tamara Aramov
9%
What does The Fuhrer do to Scotty's house after he kills Dante's family He burns it
6%
What does Ryan do to join the Crusty team in New Guard He quits
5%
What happens to the Ark after they escape in Divine Madness It exploded
5%
What did Ryan do to Dr D He pushes her
2%
No matching quizzes found
Score Distribution
Percent of People with Each Score
Percentile by Number Answered
Your Score History
You have not taken this quiz